<?xml version="1.0" encoding="UTF-8"?>
<marc:record xmlns:marc="http://www.loc.gov/MARC21/slim">
   <marc:leader>00000nam a2200000 a 4500</marc:leader>
   <marc:datafield ind1="1" ind2=" " tag="100">
      <marc:subfield code="a">Wawrzyn, Lienhard</marc:subfield>
      <marc:subfield code="4">aut</marc:subfield>
      <marc:subfield code="e">Verfasser/-in</marc:subfield>
   </marc:datafield>
   <marc:datafield ind1="1" ind2=" " tag="100">
      <marc:subfield code="a">Agischewa, Marijam</marc:subfield>
   </marc:datafield>
   <marc:datafield ind1="1" ind2=" " tag="100">
      <marc:subfield code="a">Mawila, Jean Claude</marc:subfield>
   </marc:datafield>
   <marc:datafield ind1="1" ind2=" " tag="100">
      <marc:subfield code="a">Manchen, Klaus</marc:subfield>
   </marc:datafield>
   <marc:datafield ind1="1" ind2=" " tag="100">
      <marc:subfield code="a">Zischler, Hanns</marc:subfield>
   </marc:datafield>
   <marc:datafield ind1="1" ind2=" " tag="100">
      <marc:subfield code="a">Becker, Meret</marc:subfield>
   </marc:datafield>
   <marc:datafield ind1="0" ind2="0" tag="245">
      <marc:subfield code="a">Der Blaue</marc:subfield>
   </marc:datafield>
   <marc:datafield ind1="0" ind2="0" tag="245">
      <marc:subfield code="c">Schauspieler: Meret Becker, Hanns Zischler, Klaus Manchen, Jean Claude Mawila, Marijam Agischewa, Manfred Krug, Lienhard Wawrzyn, Ulrich Mühe, Margret Völker; Drehbuch: Lienhard Wawrzyn; Regie: Lienhard Wawrzyn; Produktion: Klaus Volkenborn; Montage: Bett</marc:subfield>
   </marc:datafield>
   <marc:datafield ind1=" " ind2="1" tag="264">
      <marc:subfield code="a">Potsdam</marc:subfield>
      <marc:subfield code="b">filmwerte GmbH</marc:subfield>
      <marc:subfield code="c">2022</marc:subfield>
   </marc:datafield>
   <marc:datafield ind1="1" ind2=" " tag="520">
      <marc:subfield code="a">Gemeinsam mit seiner Frau betreibt Dr. Otto Skrodt einen gut laufenden Reiterhof bei Berlin. Zudem sitzt er als Abgeordneter im Bundestag und blickt einem Posten als Staatssekretär in Bonn entgegen. Aber hinter Skrodts Erfolg verheißender Fassade verbirgt sich ein dunkles Geheimnis, das niemand außer seiner Tochter Isabelle und seinem ehemaligen Führungsoffizier kennt: Er war hochkarätiger Spitzel für den Staatssicherheitsdienst der DDR und hat viele Freunde eiskalt ans Messer geliefert.</marc:subfield>
   </marc:datafield>
   <marc:datafield ind1=" " ind2=" " tag="041">
      <marc:subfield code="a">ger</marc:subfield>
   </marc:datafield>
   <marc:datafield ind1=" " ind2=" " tag="300">
      <marc:subfield code="a">1 Online-Ressource (98 min), Bild: 16:9 HD</marc:subfield>
   </marc:datafield>
</marc:record>
